[Event "Tourn. n10027"]
[Site "www.echecsemail.com"]
[Date "2019.01.16"]
[Round "1"]
[White "Cemaah"]
[Black "Add"]
[WhiteElo "2380"]
[BlackElo "2220"]
[Result "1-0"]
[Round "1"]
1.e4 d5
2.exd5 Qd8xd5
3.Nb1c3 Qd5e5
4.Bf1e2 c6
5.d4 Qe5a5
6.Ng1f3 Ng8f6
7.O-O e6
8.a3 Qa5c7
9.Rf1e1 Bf8e7
10.h3 Nf6d5
11.Nc3e4 O-O
12.c4 Nd5f4
13.Be2f1 h6
14.g3 Nf4g6
15.Bf1g2 Nb8d7
16.Bc1e3 b6
17.Qd1d2 Nd7f6
18.Ne4c3 Bc8b7
19.Ra1d1 Ra8d8
20.h4 Be7d6
21.Nc3e2 c5
22.Qd2c2 cxd4
23.Ne2xd4 Nf6g4
24.Nd4b5 Ng4xe3
25.Re1xe3 Qc7e7
26.Nb5xd6 Rd8xd6
27.Rd1xd6 Qe7xd6
28.Re3d3 Qd6c6
29.Nf3e1 Qc6c7
30.Bg2xb7 Qc7xb7
31.Qc2e2 Qb7c7
32.Qe2e4 Rf8e8
33.Ne1f3 Kh8
34.b4 f5
35.Qe4d4 e5
36.Qd4d7 Qc7xd7
37.Rd3xd7 a5
38.Rd7d6 axb4
39.axb4 { resign }
1-0

[Event "Tourn. n10012"]
[Site "www.echecsemail.com"]
[Date "2019.01.17"]
[Round "1"]
[White "Bojan"]
[Black "Roque1"]
[WhiteElo "1970"]
[BlackElo "2020"]
[Result "1-0"]
[Round "1"]
1.e4 c5
2.Ng1f3 e6
3.e5 g6
4.d4 cxd4
5.Nf3xd4 Bf8c5
6.Bc1e3 Nb8c6
7.Nd4xc6 Qd8b6
8.Be3xc5 Qb6xc5
9.Nc6d4 Qc5b4
10.Qd1d2 Qb4xb2
11.Nd4b3 Qb2xe5
12.Bf1e2 Ng8e7
13.O-O O-O
14.Be2f3 d5
15.Rf1e1 Qe5g7
16.Qd2g5 Bc8d7
17.Qg5xe7 Bd7c6
18.Nb1d2 b5
19.Nb3a5 Ra8c8
20.Nd2b3 Bc6a8
21.Qe7xa7 Rc8xc2
22.Qa7d4 Qg7h6
23.Re1c1 Rc2xc1
24.Ra1xc1 f6
25.h3 Qh6g7
26.Qd4b6  { time }
1-0

[Event "Tourn. n9997"]
[Site "www.echecsemail.com"]
[Date "2019.01.17"]
[Round "1"]
[White "Drill64"]
[Black "Stepanpech"]
[WhiteElo "2320"]
[BlackElo "2520"]
[Result "0-1"]
[Round "1"]
1.e4 c5
2.Ng1f3 Nb8c6
3.Bf1b5 d6
4.Bb5xc6 bxc6
5.O-O e5
6.c3 Ng8f6
7.Rf1e1 Bc8g4
8.h3 Bg4xf3
9.Qd1xf3 Bf8e7
10.d3 O-O
11.Bc1g5 Nf6d7
 { time }
0-1

[Event "Tourn. n10009"]
[Site "www.echecsemail.com"]
[Date "2019.01.17"]
[Round "1"]
[White "Osopanda"]
[Black "Passaroa25"]
[WhiteElo "1640"]
[BlackElo "1660"]
[Result "0-1"]
[Round "1"]
1.e4 Nb8c6
2.d4 e6
3.Ng1f3 f6
4.d5 exd5
5.exd5 Nc6e5
6.Nb1c3 a6
7.Nf3xe5 fxe5
8.Bf1c4 d6
9.O-O Ng8e7
10.f4 Bc8f5
11.fxe5 dxe5
12.Bc1g5 h6
13.Bg5xe7 Bf5xc2
14.Be7xd8 Bc2xd1
15.Bd8xc7 Bf8c5
16.Kh1 Bd1h5
17.Bc7xe5 Rh8f8
18.Rf1xf8 Bc5xf8
19.Ra1f1 O-O-O
20.Nc3e4 Bf8e7
21.d6 Be7f6
22.Ne4xf6 { time. }
0-1

[Event "Tourn. n10031"]
[Site "www.echecsemail.com"]
[Date "2019.01.17"]
[Round "1"]
[White "Francesco"]
[Black "Comrade"]
[WhiteElo "1980"]
[BlackElo "2250"]
[Result "0-1"]
[Round "1"]
1.e4 c5
2.Ng1f3 d6
3.d4 cxd4
4.Nf3xd4 Ng8f6
5.Nb1c3 a6
6.Bc1g5 e5
7.Nd4f3 Bc8e6
8.Nc3d5 Be6xd5
9.exd5 Bf8e7
10.c4 Nb8d7
11.Bf1d3 e4
12.Bg5xf6 Nd7xf6
13.O-O exd3
14.Qd1xd3 O-O
15.Rf1e1 Rf8e8
16.h3 Nf6d7
17.b4 Ra8c8
18.Ra1c1 a5
19.b5 Nd7c5
20.Qd3c2 Be7f6
21.Re1d1 b6
22.a4 Re8e4
23.Nf3d2 Re4d4
24.Rd1e1 Nc5d3
25.Nd2f3 Nd3xe1
26.Rc1xe1 Rd4xc4
27.Qc2d3 Rc4xa4
{ resign }
0-1

[Event "Match"]
[Site "www.echecsemail.com"]
[Date "2019.01.17"]
[Round "1"]
[White "Comrade"]
[Black "Stevep84"]
[WhiteElo "2330"]
[BlackElo "2320"]
[Result "1-0"]
[Round "1"]
1.c4 e5
2.Nb1c3 Ng8f6
3.Ng1f3 Nb8c6
4.e3 Bf8b4
5.d4 exd4
6.exd4 d6
7.Bf1d3 O-O
8.O-O b6
9.Bc1g5 h6
10.Bg5xf6 Qd8xf6
11.Nc3e4 Qf6e7
12.a3 Bb4a5
13.b4 Nc6xb4
14.axb4 Ba5xb4
15.Qd1b3 Bb4a5
16.Ne4c3 c5
17.dxc5 dxc5
18.Nc3d5 Qe7d7
19.Nf3e5 Qd7d8
20.Ne5c6 Qd8g5
21.Nd5e7 Kh8
22.Ne7xc8 Rf8xc8
23.Nc6xa5 bxa5
24.Ra1xa5 Rc8b8
25.Qb3a3 Qg5e7
26.Qa3xc5 Qe7d7
27.Bd3e4 Rb8c8
28.Qc5a3 Ra8b8
29.Be4f5 Qd7c7
30.Bf5xc8 Rb8xc8
31.Rf1c1 Qc7d7
32.Ra5xa7 Qd7e6
33.Ra7a8 Kh7
34.Ra8xc8 Qe6xc8
35.c5 { resign }
1-0

[Event "Match"]
[Site "www.echecsemail.com"]
[Date "2019.01.17"]
[Round "1"]
[White "Virgil08bv"]
[Black "Nevaeh"]
[WhiteElo "2580"]
[BlackElo "1809"]
[Result "1/2-1/2"]
[Round "1"]
1.e4 e5
2.Ng1f3 Nb8c6
3.Bf1b5 Ng8f6
4.O-O Nf6xe4
5.d4 Ne4d6
6.Bb5xc6 dxc6
7.dxe5 Nd6f5
8.Qd1xd8 Kxd8
9.Nb1c3 Ke8
10.h3 Bc8e6
11.g4 Nf5e7
12.Nf3d4 Be6c4
13.Rf1e1 Ne7d5
14.Nc3e4 Nd5b4
15.a3 c5
16.axb4 cxd4
17.Re1d1 d3
18.c3 h5
19.g5 b6
20.Bc1e3 Bf8e7
21.Ne4d2 Bc4d5
22.Nd2f1 Bd5c4
23.Be3f4 h4
24.Nf1e3 Bc4e6
25.Rd1xd3 Rh8h5
26.Ne3d5 Be6xd5
27.Rd3xd5 c6
28.Rd5d4 Be7xg5
29.Bf4h2 Bg5e7
30.Rd4g4 Rh5g5
31.Rg4xg5 Be7xg5
32.f4 Bg5e7
33.Kf1 a5
34.Bh2g1 Ra8b8
35.bxa5 bxa5
36.Ra1xa5 Rb8xb2
37.f5 Rb2c2
38.Ra5a8 Kd7
39.Ra8a7 Ke8
40.Ra7a8 { draw }
1/2-1/2

[Event "Match"]
[Site "www.echecsemail.com"]
[Date "2019.01.17"]
[Round "1"]
[White "Guidom"]
[Black "Zack1984"]
[WhiteElo "2100"]
[BlackElo "2440"]
[Result "0-1"]
[Round "1"]
1.e4 f6
2.d4 Kf7
3.e5 d6
4.f4 g6
5.c4 dxe5
6.fxe5 fxe5
7.Qd1f3 Ng8f6
8.dxe5 Bc8g4
9.Qf3b3 Nb8c6
10.exf6 Nc6d4
11.Qb3c3 exf6
12.Bc1e3 Bf8b4
13.Be3xd4 Rh8e8
14.Kf2 Qd8xd4
15.Qc3xd4 Bb4e1

0-1

[Event "Match"]
[Site "www.echecsemail.com"]
[Date "2019.01.17"]
[Round "1"]
[White "Zack1984"]
[Black "Chapi"]
[WhiteElo "2440"]
[BlackElo "2080"]
[Result "1-0"]
[Round "1"]
1.f4 b6
2.Kf2 e6
3.e4 Bc8b7
4.d3 Nb8c6
5.Ng1f3 Ng8f6
6.c3 d5
7.e5 Nf6d7
8.d4 Nc6e7
9.Bf1d3 c5
10.Bc1e3 cxd4
11.cxd4 Ne7c6
12.a3 Ra8c8
13.Qd1e2 Bf8e7
14.Rh1c1 f6
15.Nb1d2 fxe5
16.fxe5 O-O
17.Kg1 h6
18.Qe2e1 Nd7xe5
19.dxe5 d4
20.Be3xh6 Rf8f7
21.Qe1g3 Kf8
22.Nf3g5 Be7xg5
23.Bh6xg5 Qd8d5
24.Rc1f1 Nc6xe5
25.Bd3e4 Qd5b5
26.Qg3h3 Ne5g6
27.Be4xg6 Rf7xf1
28.Ra1xf1 Kg8
29.Qh3h7 { resign }
1-0

[Event "Tourn. n10009"]
[Site "www.echecsemail.com"]
[Date "2019.01.17"]
[Round "1"]
[White "Julian"]
[Black "Passaroa25"]
[WhiteElo "1610"]
[BlackElo "1660"]
[Result "0-1"]
[Round "1"]
1.e4 Nb8c6
2.d4 e6
3.Ng1f3 Bf8b4
4.c3 Bb4e7
5.Bc1e3 d6
6.Bf1b5 a6
7.Bb5a4 Bc8d7
8.Nb1d2 b5
9.Ba4c2 Be7f6
10.O-O Ng8e7
11.Rf1e1 O-O
12.Nd2f1 Ne7g6
13.Nf1g3 Qd8b8
14.e5 Bf6e7
15.Be3g5 f5
16.Bg5xe7 Nc6xe7
17.Nf3g5 h6
18.Ng5h3 d5
19.Ng3h5 c6
20.g4 Ng6h4
21.gxf5 Nh4xf5
22.Nh5g3 { time. }
0-1

[Event "Tourn. n10024"]
[Site "www.echecsemail.com"]
[Date "2019.01.17"]
[Round "1"]
[White "Bira47"]
[Black "Mitja"]
[WhiteElo "2040"]
[BlackElo "1930"]
[Result "0-1"]
[Round "1"]
1.c4 d5
2.g3 e6
3.Bf1g2 dxc4
4.Qd1a4 c6
5.Qa4xc4 h6
6.e3 Ng8f6
7.Nb1c3 Qd8c7
8.d4 Bf8e7
9.a3 O-O
10.Ng1e2 a6
11.O-O Nb8d7
12.b4 Nd7b6
13.Qc4b3 Nf6d5
14.Bc1b2 Nd5xc3
15.Ne2xc3 Nb6d5
16.Nc3xd5 cxd5
17.Ra1c1 Qc7d6
18.Qb3c3 b5
19.Qc3c6 Bc8d7
20.Qc6xd6 Be7xd6
21.Rc1c2 Ra8c8
22.Rf1c1 Rc8xc2
23.Rc1xc2 Rf8c8
24.Rc2xc8 Bd7xc8
25.f4 f5
26.h3 g6
27.g4 fxg4
28.hxg4 g5
29.f5 Kf7
30.e4 dxe4
31.fxe6 Bc8xe6
32.Bg2xe4 Be6xg4
33.d5 Bg4h5
34.Kf2 Bh5g6
35.Be4f3 h5
36.Bb2d4 g4
37.Bf3h1 g3
38.Ke3 h4
39.Bd4c5 Ke7
40.Kd4 h3
41.Bc5xd6 Kxd6
42.Bh1f3 g2
43.Bf3xg2 hxg2
 { time }
0-1

[Event "Tourn. n10037"]
[Site "www.echecsemail.com"]
[Date "2019.01.17"]
[Round "1"]
[White "Cemaah"]
[Black "Seger"]
[WhiteElo "2360"]
[BlackElo "2730"]
[Result "1/2-1/2"]
[Round "1"]
1.e4 c5
2.Ng1f3 d6
3.d4 cxd4
4.Nf3xd4 Ng8f6
5.Nb1c3 e5
6.Bf1b5 Nb8d7
7.Nd4f5 a6
8.Bb5xd7 Qd8xd7
9.Bc1g5 Nf6xe4
10.Nf5xg7 Bf8xg7
11.Nc3xe4 O-O
12.Qd1xd6 { draw }
1/2-1/2

[Event "Tourn. n10011"]
[Site "www.echecsemail.com"]
[Date "2019.01.17"]
[Round "1"]
[White "Jesmantiz"]
[Black "Apdash"]
[WhiteElo "2180"]
[BlackElo "2290"]
[Result "0-1"]
[Round "1"]
1.e4 e5
2.g3 Ng8f6
3.Bf1g2 Bf8c5
4.d3 d6
5.Ng1f3 Bc8g4
6.O-O Nb8c6
7.Qd1e1 Qd8d7
8.c3 h6
9.b4 Bc5b6
10.a4 a6
11.Nb1d2 O-O
12.Kh1 Nf6h7
13.Nd2b3 f5
14.exf5 Rf8xf5
15.Nf3h4 Rf5f6
16.Bg2d5 Kh8
17.b5 axb5
18.axb5 Nc6a5
19.Nb3xa5 Ra8xa5
20.Ra1xa5 Bb6xa5
21.Bc1d2 c6
22.bxc6 bxc6
23.Bd5e4 g5
24.Nh4g2 Bg4h3
25.Rf1g1 Ba5b6
26.Ng2e3 d5
27.Be4g2 Bh3xg2
28.Rg1xg2 { time. }
0-1

[Event "Tourn. n9987"]
[Site "www.echecsemail.com"]
[Date "2019.01.17"]
[Round "1"]
[White "Comrade"]
[Black "Tartan"]
[WhiteElo "2290"]
[BlackElo "2610"]
[Result "0-1"]
[Round "1"]
1.c4 e6
2.d4 Ng8f6
3.Nb1c3 Bf8b4
4.Bc1d2 O-O
5.e3 b6
6.Ng1f3 Bc8b7
7.Bf1e2 d6
8.O-O Nb8d7
9.a3 Bb4xc3
10.Bd2xc3 Nf6e4
11.Nf3d2 Ne4xc3
12.bxc3 Qd8g5
13.Be2f3 Bb7xf3
14.Qd1xf3 Nd7f6
15.Rf1e1 Ra8c8
16.Ra1d1 Qg5a5
17.Nd2b1 d5
18.cxd5 exd5
19.Qf3e2 Qa5a4
20.f3 Rf8e8
21.Qe2d3 c5
22.c4 cxd4
23.cxd5 dxe3
24.d6 Nf6d7
25.Nb1c3 Qa4xa3
26.Re1xe3 Re8xe3
27.Qd3xe3 Qa3xc3
28.Qe3e7 Qc3c5
29.Kf1 Qc5c2
30.Rd1e1 Qc2d3
31.Kf2 Rc8c2
32.Re1e2 Rc2xe2
33.Qe7xe2 Qd3xe2
{ resign }
0-1

[Event "Tourn. n9988"]
[Site "www.echecsemail.com"]
[Date "2019.01.17"]
[Round "1"]
[White "Roque1"]
[Black "Estonia"]
[WhiteElo "1990"]
[BlackElo "1960"]
[Result "0-1"]
[Round "1"]
1.e4 e5
2.Ng1f3 Nb8c6
3.Bf1b5 a6
4.Bb5a4 Ng8f6
5.Nb1c3 b5
6.Ba4b3 d6
7.h3 Bf8e7
8.d3 Nc6a5
9.O-O c5
10.Bb3d5 Nf6xd5
11.Nc3xd5 Bc8b7
12.b3 Na5c6
13.c4 O-O
14.Nd5xe7 Nc6xe7
15.Bc1g5 f6
16.Bg5h4 Ne7g6
17.Qd1d2 b4
18.Nf3h2 Ng6xh4
19.f4 exf4
20.Rf1xf4 Nh4g6
21.Rf4f5 Bb7c8
22.Rf5h5 f5
23.Ra1e1 fxe4
24.Re1xe4 Qd8f6
25.Nh2f3 Bc8b7
26.Re4e3 Bb7xf3
27.Re3xf3 Qf6d4
28.Kh2 Rf8xf3
29.gxf3 Ra8f8
30.Rh5d5 Qd4f6
31.Qd2e3 Ng6e7
32.Rd5g5 Ne7g6
33.Rg5g3 Ng6e5
34.Kg2 Qf6f4
35.Qe3e2 Qf4d4
36.Qe2f1 Qd4xd3
37.f4 Qd3xf1
38.Kxf1 Rf8xf4
39.Kg2 Ne5g6
40.Rg3g5 Rf4d4
41.Rg5g3 Rd4d2
42.Kf3 Ng6e5
43.Ke4 Rd2xa2
44.Kd5 Ra2d2
45.Ke6 Ne5g6
46.Rg3e3 Ng6f8
47.Ke7 d5
48.Ke8 dxc4
49.Re3f3 Rd2e2
50.Kd8 Nf8e6
51.Kd7 Ne6d4
 { time }
0-1

[Event "Tourn. n10028"]
[Site "www.echecsemail.com"]
[Date "2019.01.17"]
[Round "1"]
[White "Tonino1"]
[Black "Tartan"]
[WhiteElo "2310"]
[BlackElo "2550"]
[Result "0-1"]
[Round "1"]
1.d4 Ng8f6
2.Ng1f3 d5
3.e3 e6
4.Bf1d3 Bf8e7
5.Nb1d2 b6
6.O-O Bc8b7
7.c3 c5
8.Nf3e5 O-O
9.f4 Nb8d7
10.Qd1f3 Qd8c7
11.Ne5xd7 Qc7xd7
12.e4 dxe4
13.Nd2xe4 cxd4
14.cxd4 Qd7xd4
15.Kh1 Nf6xe4
 { time }
0-1

[Event "Tourn. n10004"]
[Site "www.echecsemail.com"]
[Date "2019.01.17"]
[Round "1"]
[White "Gimmyg"]
[Black "Numanoid"]
[WhiteElo "2580"]
[BlackElo "2620"]
[Result "1/2-1/2"]
[Round "1"]
1.Nb1c3 d5
2.e4 e6
3.exd5 exd5
4.d4 Bf8b4
5.Bf1d3 Ng8f6
6.Ng1f3 O-O
7.O-O Bc8g4
8.h3 Bg4h5
9.Bc1g5 c6
10.Bg5f4 Bh5g6
11.a3 Bb4d6
12.Bf4e5 Bg6xd3
13.Qd1xd3 Bd6c7
14.Nf3g5 Nb8d7
15.f4 h6
16.Ng5f3 Nf6e8
17.Ra1e1 Bc7b6
18.f5 Nd7xe5
19.Nf3xe5 Ne8f6
20.Re1e2 Rf8e8
21.Rf1e1 c5
22.dxc5 Bb6xc5
23.Kh1 Ra8c8
24.Qd3f3 Bc5d4
25.Ne5xf7 Kxf7
26.Re2xe8 Nf6xe8
27.Nc3xd5 Ne8d6
{ draw }
1/2-1/2

[Event "Tourn. n9996"]
[Site "www.echecsemail.com"]
[Date "2019.01.17"]
[Round "1"]
[White "Passaroa25"]
[Black "Hansen"]
[WhiteElo "1660"]
[BlackElo "1620"]
[Result "0-1"]
[Round "1"]
1.Nb1c3 e5
2.Ng1f3 Bf8d6
3.e4 Bd6b4
4.Nf3xe5 Qd8e7
5.Ne5d3 Bb4xc3
6.bxc3 Ng8f6
7.f3 g5
8.Bf1e2 g4
9.Bc1b2 gxf3
10.Be2xf3 Nf6xe4
11.Nd3f2 Ne4xf2
12.Qd1e2 Qe7xe2
13.Kxe2 Nf2xh1
14.Ra1xh1 Nb8a6
15.Kf2 d6
16.d4 Bc8f5
17.Bf3xb7 Ra8b8
18.Bb7c6 Kd8
19.Rh1c1 Rb8xb2
20.a4 Rh8e8
21.Bc6xe8 Kxe8
22.Ke3 Na6b8
23.Kd2 Nb8c6
24.Kd1 Nc6a5
25.h3 Na5c4
26.g4 Bf5e4
27.g5 Nc4e3
28.Kd2 Ne3c4
29.Kd1 c5
30.dxc5 dxc5
31.h4 Rb2b6
32.Ke2 Rb6e6
33.Kf2 Nc4e5
34.Ke3 Ne5c4
35.Kf4 f6
36.Rc1e1 Nc4d6
37.Re1e2 fxg5
38.Kxg5 Re6g6
39.Kh5 Kf7
40.a5 Be4f3

0-1

[Event "Match"]
[Site "www.echecsemail.com"]
[Date "2019.01.17"]
[Round "1"]
[White "Goofy"]
[Black "Huskarls"]
[WhiteElo "2190"]
[BlackElo "1809"]
[Result "1-0"]
[Round "1"]
1.e4 e6
2.b3 d5
3.Bc1b2 Ng8f6
4.e5 Nf6d7
5.Qd1g4 c5
6.f4 Nb8c6
7.Ng1f3 a6
8.Bf1e2 b5
9.O-O g6
10.Nb1c3 Bf8g7
11.a4 b4
12.Nc3d1  { time }
1-0

[Event "Tourn. n9945"]
[Site "www.echecsemail.com"]
[Date "2019.01.17"]
[Round "1"]
[White "Passaroa25"]
[Black "Osopanda"]
[WhiteElo "1720"]
[BlackElo "1840"]
[Result "1-0"]
[Round "1"]
1.Nb1c3 e5
2.e4 Ng8f6
3.f3 c6
4.d3 d5
5.Ng1e2 d4
6.Nc3a4 Qd8a5
7.c3 b5
8.b4 Qa5c7
9.Na4c5 dxc3
10.Ne2xc3 Nb8d7
11.Bc1d2 Nd7xc5
12.bxc5 Bc8e6
13.Bd2e3 Ra8d8
14.Bf1e2 Bf8e7
15.g4 O-O
16.Be3f2 a5
17.O-O Qc7a7
18.Kg2 b4
19.Nc3a4 h6
20.h4 Nf6d7
21.d4 exd4
22.Bf2xd4 Be7f6
23.Bd4xf6 Nd7xf6
24.Qd1e1 Nf6d7
25.h5 g6
26.Qe1g3 Kh7
27.hxg6 fxg6
28.Qg3d6 Rf8f6
29.Qd6xc6 Nd7e5
30.Qc6b6 Qa7xb6
31.cxb6 Rd8d2
32.Rf1f2 Be6xa2
33.Ra1xa2 Rd2xa2
34.b7 Ne5c6
35.Be2b5 Ra2xf2
36.Kxf2 Nc6b8
37.Na4c5 Rf6b6
38.Bb5e2 b3
39.Be2d3 b2
40.Nc5a4 b1Q
41.Bd3xb1 Rb6xb1
42.Na4c5 Rb1b5
43.Nc5e6 Rb5xb7
44.Ne6c5 Rb7b1
45.Ke3 Nb8c6
46.Kf4 Kg7
47.Nc5a4 Rb1a1
48.Na4c5 a4
49.e5 a3
50.Nc5e6 Kf7
51.Ne6c5 a2
52.Nc5b3 Ra1b1
{ time. }
1-0

[Event "1/128 Finale"]
[Site "www.chess-mail.com"]
[Date "2019.01.17"]
[Round "1"]
[White "Huskarls"]
[Black "Coraza"]
[WhiteElo "1809"]
[BlackElo "1750"]
[Result "0-1"]
[Round "1"]
1.e4 e5
2.Ng1f3 Nb8c6
3.Bf1b5 Nc6d4
4.Nf3xd4 exd4
5.O-O Qd8e7
6.d3 c6
7.Bb5c4 b5
8.Bc4b3 Bc8b7
9.a4 Qe7e5
10.f4 Qe5e7
 { time }
0-1

[Event "Tourn. n10040"]
[Site "www.echecsemail.com"]
[Date "2019.01.18"]
[Round "1"]
[White "Picifarkinca"]
[Black "Caroluigi"]
[WhiteElo "1910"]
[BlackElo "1980"]
[Result "1-0"]
[Round "1"]
1.e4 e5
2.f4 d6
3.Ng1f3 Nb8c6
4.Bf1b5 Ng8e7
5.O-O a6
6.Bb5a4 b5
7.Ba4b3 Bc8e6
8.Bb3xe6 fxe6
9.fxe5 dxe5
10.Kh1 Ne7g6
11.a4 Bf8e7
12.axb5 axb5
13.Ra1xa8 Qd8xa8
14.d4 O-O
15.c3 Qa8d8
16.Qd1b3 exd4
17.Qb3xe6 Kh8
18.Qe6xc6 dxc3
19.Nb1xc3 Qd8d3
20.Qc6xb5 Ng6e5
21.Qb5xd3 Ne5xd3
22.Bc1e3 Nd3e5
23.Nc3d5 Be7d6
24.Kg1 c6
25.Nf3xe5 Rf8xf1
26.Kxf1 Bd6xe5
27.Nd5b4 Be5xb2
28.Nb4xc6 Kg8
29.Be3d4 Bb2a3
30.Nc6e5 h5
31.Ke2 g5
32.h3 Kh7
33.Ne5c6 Kg6
34.Kf3 Kf7
35.g4 Kg6
36.Nc6e5 Kh6
37.Ne5f7 Kg6
38.Nf7h8 Kh6
39.Bd4f6 hxg4
40.Kxg4 Ba3b4
41.e5 Bb4f8
42.Nh8f7 Kg6
43.Nf7xg5 { resign }
1-0

[Event "Tourn. n10031"]
[Site "www.echecsemail.com"]
[Date "2019.01.18"]
[Round "1"]
[White "Francesco"]
[Black "Tarasch"]
[WhiteElo "1980"]
[BlackElo "2240"]
[Result "1/2-1/2"]
[Round "1"]
1.e4 c6
2.d4 d5
3.e5 Bc8f5
4.Bf1d3 Bf5xd3
5.Qd1xd3 Qd8a5
6.Bc1d2 Qa5a6
7.Qd3xa6 Nb8xa6
8.Ng1e2 e6
9.O-O c5
10.c3 cxd4
11.cxd4 Bf8b4
12.Nb1c3 Ng8e7
13.a3 Bb4a5
14.Ra1c1 O-O
15.Rc1c2 Ra8c8
16.Rf1c1 Ne7f5
17.g4 Nf5h4
18.b4 Ba5b6
19.f4 Nh4f3
20.Kg2 Nf3xd4
21.Ne2xd4 Bb6xd4
22.Nc3b5 Rc8xc2
23.Rc1xc2 Bd4b6
24.a4 Rf8a8
25.a5 Bb6d8
26.Nb5xa7 Kf8
27.Rc2c8 Ra8xc8
28.Na7xc8 Bd8e7
29.Nc8xe7 Kxe7
30.Kf3 Kd7
31.b5 Na6c7
32.b6 Nc7a6
33.f5 Na6c5
34.h4 { draw }
1/2-1/2

[Event "Match"]
[Site "www.echecsemail.com"]
[Date "2019.01.18"]
[Round "1"]
[White "Sonny1000"]
[Black "Bjonil60"]
[WhiteElo "1540"]
[BlackElo "1520"]
[Result "1-0"]
[Round "1"]
1.e4 e5
2.a4 b6
3.c3 c6
4.b4 Ng8f6
5.Qd1f3 d6
6.Ng1e2 b5
7.a5 a6
8.h3 h6
9.Ne2g3 Nb8d7
10.Ng3e2 g6
11.g4 g5
12.Nb1a3 c5
13.Na3c2 Bc8b7
14.Ne2g3 Ra8b8
15.Ng3f5 Rb8c8
16.Qf3d3 Bb7xe4
17.Nf5xd6 Bf8xd6
18.Qd3xd6 Be4xc2
19.Qd6xa6 Nd7b8
20.Qa6a7 Rc8c7
21.Bf1xb5 Ke7
22.bxc5 Rc7xa7
23.f3 Qd8c7
24.Ra1a2 Bc2b3
25.Ra2b2 Bb3d5
26.Bb5d3 e4
27.Rh1g1 exf3
28.Kf2 Qc7h2
29.Kf1 Nf6e4
{ time. }
1-0

[Event "Tourn. n9995"]
[Site "www.echecsemail.com"]
[Date "2019.01.18"]
[Round "1"]
[White "Vitor"]
[Black "Erno"]
[WhiteElo "1399"]
[BlackElo "2320"]
[Result "1-0"]
[Round "1"]
1.e4 c5
2.Ng1f3 d6
3.d4 cxd4
4.Nf3xd4 Ng8f6
5.Nb1c3 a6
6.Bf1e2 e5
7.Nd4f3 Bf8e7
8.O-O Bc8e6
9.Bc1g5 O-O
10.Bg5xf6 Be7xf6
11.Nc3d5 Nb8d7
12.Be2c4 Qd8c8
13.Bc4b3 Qc8c6
14.h3 a5
15.c3 Bf6d8
16.a3 Nd7c5
17.Bb3a2 Nc5xe4
18.Qd1d3 Ne4c5
19.Qd3c2 Be6xd5
20.Ba2xd5 Qc6xd5
21.Ra1d1  { time }
1-0

[Event "Tourn. n9964"]
[Site "www.echecsemail.com"]
[Date "2019.01.18"]
[Round "1"]
[White "Roque1"]
[Black "Fabos12"]
[WhiteElo "1880"]
[BlackElo "1880"]
[Result "0-1"]
[Round "1"]
1.e4 e6
2.d4 Nb8c6
3.Ng1f3 d5
4.e5 Bf8e7
5.Bf1b5 a6
6.Bb5a4 f6
7.O-O b5
8.Ba4b3 Nc6a5
9.Nb1d2 c5
10.c3 Na5xb3
11.Nd2xb3 c4
12.Nb3d2 Bc8d7
13.b3 Ra8c8
14.bxc4 dxc4
15.Nd2e4 Bd7c6
16.exf6 Ng8xf6
17.Ne4g3 O-O
18.Nf3e5 Bc6d5
19.Bc1g5 Nf6e4
20.Bg5xe7 Qd8xe7
21.Qd1g4 Ne4f6
22.Qg4h4 Qe7b7
23.Qh4h3 Rc8e8
24.f4 Nf6e4
25.Ng3xe4 Bd5xe4
26.Rf1f2 b4
27.Ne5xc4 Qb7c6
28.Nc4d2 Be4f5
29.Qh3e3 bxc3
30.Nd2b3 Re8c8
31.Nb3c5 Rf8d8
32.Qe3xc3 Qc6b6
33.Rf2b2 Qb6a7
34.Ra1c1 Bf5e4
35.Qc3b3 Be4d5
36.Qb3e3 Kf7
37.Rb2b7 { time. }
0-1

[Event "Match"]
[Site "www.echecsemail.com"]
[Date "2019.01.18"]
[Round "1"]
[White "Pinehill"]
[Black "Tonino1"]
[WhiteElo "2090"]
[BlackElo "2250"]
[Result "0-1"]
[Round "1"]
1.e4 d6
2.d4 Ng8f6
3.Bf1d3 c6
4.c3 Qd8c7
5.Ng1e2 g6
6.O-O Bf8g7
7.Bc1f4 e5
8.Bf4e3 Nf6g4
9.Be3d2 f5
10.exf5 gxf5
11.h3 Ng4f6
12.dxe5 dxe5
13.Qd1c2 e4
14.Bd3c4 b5
15.Bc4b3 Nb8a6
16.Ne2d4 Na6c5
17.g3 Nc5xb3
18.Nd4xb3 O-O
19.Bd2f4 Qc7e7
20.Nb1d2 Nf6d5
21.Nb3d4 Nd5xf4
22.Nd4xc6 Nf4e2
23.Kg2 Qe7c5
24.Nc6b4 Bc8b7
25.Nd2b3 e3
26.f3 Qc5c4
27.Ra1e1 a5
28.Nb3xa5 Ra8xa5
29.Qc2xe2 Bg7h6
30.Kh2 f4
31.Qe2xc4 bxc4
32.a3 fxg3
33.Kxg3 Ra5g5
34.Kh2 Bb7xf3
 { time }
0-1

[Event "Tourn. n10040"]
[Site "www.echecsemail.com"]
[Date "2019.01.18"]
[Round "1"]
[White "Sorim"]
[Black "Bojan"]
[WhiteElo "2080"]
[BlackElo "1970"]
[Result "1/2-1/2"]
[Round "1"]
1.e4 e5
2.Ng1f3 d6
3.c3 a6
4.d4 exd4
5.cxd4 d5
6.e5 Bc8f5
7.Nb1c3 Bf8b4
8.Bc1g5 f6
9.exf6 Ng8xf6
10.Bf1e2 Qd8d6
11.O-O O-O
12.a3 Bb4a5
13.b4 Ba5b6
14.Qd1d2 Nb8d7
15.Bg5f4 Qd6e6
16.Ra1e1 Nf6e4
17.Nc3xe4 dxe4
18.Be2d3 Qe6d5
19.Bd3b1 exf3
20.Bb1a2 Qd5xa2
21.Qd2xa2 Kh8
22.Bf4e5 Bf5d3
23.Re1c1 Bd3xf1
24.Kxf1 fxg2
25.Kxg2 Nd7xe5
26.dxe5 Rf8xf2
27.Qa2xf2 Bb6xf2
28.Kxf2 c6
29.e6 Ra8e8
30.Rc1d1 { draw }
1/2-1/2

[Event "Match"]
[Site "www.echecsemail.com"]
[Date "2019.01.18"]
[Round "1"]
[White "Libiesse"]
[Black "Sonny1000"]
[WhiteElo "1880"]
[BlackElo "1560"]
[Result "0-1"]
[Round "1"]
1.Ng1f3 f6
2.d4 d5
3.c4 dxc4
4.Qd1a4 c6
5.Qa4xc4 b5
6.Qc4b3 Qd8d5
7.Qb3c2 Bc8f5
8.Nb1c3 Bf5xc2
{ resign }
0-1

[Event "Match"]
[Site "www.echecsemail.com"]
[Date "2019.01.18"]
[Round "1"]
[White "Mitja"]
[Black "Bojan"]
[WhiteElo "1930"]
[BlackElo "1900"]
[Result "0-1"]
[Round "1"]
1.d4 d5
2.e3 g6
3.c3 Ng8f6
4.h3 Qd8d6
5.Ng1f3 a6
6.Bf1e2 Nb8c6
7.b3 e5
8.dxe5 Nc6xe5
9.Nf3xe5 Qd6xe5
10.Bc1b2 Bf8e7
11.Qd1c1 Qe5f5
12.Nb1d2 Qf5g5
13.Be2f3 c6
14.c4 dxc4
15.Nd2xc4 Bc8e6
16.e4 Qg5xc1
17.Ra1xc1 O-O-O
18.O-O Rh8g8
19.e5 Nf6d7
20.a4 Nd7c5
21.Bb2a3 Rg8e8
22.Ba3xc5 Be7xc5
23.Bf3e2 Kc7
24.Rf1d1 Bc5f8
25.f4 b5
26.axb5 axb5
27.Nc4a5 Be6d5
28.Be2f3 Bd5xf3
29.gxf3 Rd8xd1
30.Rc1xd1 Bf8b4
31.Rd1a1 Re8a8
32.Kg2 Ra8xa5
33.Ra1xa5 Bb4xa5
34.Kf2 Ba5d2
35.Kg3 c5
36.Kg4 h6
37.f5 Kd7
38.fxg6 fxg6
39.f4 Ke6
40.Kf3 Kf5
{ resign }
0-1

[Event "Tourn. n9993"]
[Site "www.echecsemail.com"]
[Date "2019.01.18"]
[Round "1"]
[White "Traub"]
[Black "Cal"]
[WhiteElo "1670"]
[BlackElo "1750"]
[Result "0-1"]
[Round "1"]
1.d4 d5
2.c4 dxc4
3.Nb1c3 e6
4.Ng1f3 h6
5.e4 Bf8b4
6.Bf1xc4 Ng8f6
7.Qd1c2 Bb4xc3
8.bxc3 O-O
9.e5 Nf6h7
10.a4 Nb8c6
11.O-O a6
12.a5 b5
13.axb6 cxb6
14.Bc1a3 b5
15.Bc4d3 Nh7g5
16.Ba3xf8 Qd8xf8
17.Nf3xg5 hxg5
18.f4 g4
19.Qc2f2 f6
20.Qf2h4 f5
21.Bd3xb5 Nc6e7
22.c4 Bc8b7
23.Bb5d7 Ne7g6
24.Bd7xe6 Qf8f7
25.Be6xf7 Kxf7
26.d5 Ra8h8
27.e6 Ke8
28.Qh4e1 Ng6e7
29.Qe1e5 Kf8
30.Qe5b8 Bb7c8
31.Qb8d6 { time. }
0-1

[Event "Match"]
[Site "www.echecsemail.com"]
[Date "2019.01.19"]
[Round "1"]
[White "Paco"]
[Black "Darknight"]
[WhiteElo "2010"]
[BlackElo "1840"]
[Result "1-0"]
[Round "1"]
1.e4 e5
2.Ng1f3 d6
3.Bf1c4 h6
4.d4 exd4
5.Qd1xd4 Qd8e7
6.O-O a6
7.Nb1c3 Nb8c6
8.Qd4d3 Nc6e5
9.Qd3e2 g5
10.Nc3d5 Qe7d7
11.Nf3xe5 dxe5
12.Qe2f3 Bf8d6
13.Nd5f6 Ng8xf6
14.Qf3xf6 Rh8f8
15.Qf6xh6 Bd6e7
16.Bc1xg5 b6
17.Ra1d1 Be7d6
18.Bc4d5 Ra8b8
19.Rd1d3 a5
20.Rd3h3 Qd7b5
21.b3 Bc8xh3
22.Qh6xh3 Qb5d7
23.Qh3c3 c5
24.Qc3f3 Rb8c8
25.h4 Bd6e7
26.Rf1d1 Be7d6
27.h5 Qd7c7
28.h6 Rf8h8
29.Qf3f5 Qc7d7
30.Bd5xf7 Kf8
31.Bf7e6 { resign }
1-0

[Event "Match"]
[Site "www.echecsemail.com"]
[Date "2019.01.19"]
[Round "1"]
[White "Huskarls"]
[Black "Apdash"]
[WhiteElo "1809"]
[BlackElo "2220"]
[Result "0-1"]
[Round "1"]
1.e4 c5
2.Ng1f3 Nb8c6
3.Bf1b5 d6
4.Bb5xc6 bxc6
5.e5 Bc8g4
6.h3 Bg4h5
7.d3 dxe5
8.g4 Bh5g6
9.Nb1d2 f6
10.Qd1e2 Bg6f7
11.Nd2e4 Bf7d5
12.c4 Bd5xe4
13.dxe4 e6
14.Bc1d2 Ng8e7
15.O-O-O Qd8b6
 { time }
0-1

[Event "Match"]
[Site "www.echecsemail.com"]
[Date "2019.01.19"]
[Round "1"]
[White "Iko"]
[Black "Sonny1000"]
[WhiteElo "1750"]
[BlackElo "1530"]
[Result "1-0"]
[Round "1"]
1.e4 e5
2.Ng1f3 f6
3.Nf3xe5 fxe5
4.Qd1h5 g6
5.Qh5xe5 Qd8e7
6.Qe5xh8 Qe7g7
7.Qh8xg7 Bf8xg7
8.Bf1c4 Ng8f6
9.e5 Nf6g4
10.e6 dxe6
11.O-O Bg7d4
12.c3 Bd4xf2
13.Rf1xf2 Ng4xf2
14.Kxf2 Nb8d7
15.Bc4xe6 Nd7c5
16.Be6xc8 Nc5d3
17.Ke3 Nd3xc1
18.Nb1a3 Ra8xc8
19.Ra1xc1 Rc8d8
20.Na3b5 Rd8d5
21.Nb5xc7 Kd7
22.Nc7xd5 Ke6
23.Ke4 h6
24.Nd5f4 Kf6
25.d4 Kf7
26.d5 Ke7
27.Nf4xg6 Kd6
28.Rc1f1 b5
29.Rf1f6 Kc5
30.d6 Kc4
31.d7 Kc5
32.d8Q b4
33.Qd8d5 { resign }
1-0